00448nam a2200145Ia 4500008004100000040001900041041001200060082001900072245006700091260002600158300001800184650001800202651006400220850001800284131103s9999 xx 000 0 und d aLoreto College aEnglish a803/STEbLCLIB aCassell's encyclopaeda of literaturecEdited by S. H.Steinberg aLodon bCassellc1953 a3v. c 24 cm. aLiterature -  aLiterature- Tersms and Phrases - Biographical-Dictionary -  aLCLIB/803/STE